Engenharia econômica e análise de custos : (Record no. 967)
[ view plain ]
| 000 -LÍDER | |
|---|---|
| Campo Fixo de Controle | 01108nam a2200289 a 4500 |
| 001 - NÚMERO DE CONTROLE | |
| Campo de Controle | 967 |
| 003 - IDENTIFICAÇÃO DO NÚMERO DE CONTROLE | |
| Campo de Controle | BR-CuiBMT |
| 005 - DATA E HORA DA ÚLTIMA ATUALIZAÇÃO | |
| Campo de Controle | 20231124010205.0 |
| 008 - DADOS FIXOS | |
| Dados Fixos | 231124s2000 spba 000 0 por d |
| 020 ## - INTERNATIONAL STANDARD BOOK NUMBER | |
| Nº do ISBN | 9788522426621 |
| 040 ## - AGÊNCIA CATALOGADORA | |
| Código da Agência Catalogadora | BR-CuiBMT |
| Agência que transcreveu o registro | BR-CuiBMT |
| 080 ## - Nº DA CLASSIFICAÇÃO DECIMAL UNIVERSAL | |
| Nº edição CDU | 2007 |
| Nº Class. CDU | 658.15 |
| Subd. Auxiliar Comum | (079.1) |
| 090 ## - NÚMERO DE CHAMADA | |
| Nº classificação | 658.15(079.1) |
| Cutter | H669e |
| Ano/Edição | 7. ed. |
| 100 1# - ENTRADA PRINCIPAL -- AUTOR PESSOAL | |
| Nome pessoal | Hirschfeld, Henrique, |
| Datas associadas ao nome | 1927- |
| 245 10 - TÍTULO PRINCIPAL | |
| Título principal | Engenharia econômica e análise de custos : |
| Subtítulo | aplicações práticas para economistas, engenheiros, analistas de investimentos e administradores / |
| Indicação de responsabilidade | Henrique Hirschfeld. |
| 250 ## - EDIÇÃO | |
| Edição | 7. ed., rev., atual. e ampl. |
| 260 ## - PUBLICAÇÃO, DISTRIBUIÇÃO, ETC. | |
| Local de publicação | São Paulo : |
| Editora | Atlas, |
| Data | 2000. |
| 300 ## - DESCRIÇÃO FÍSICA | |
| N. páginas ou volumes | 519 p. : |
| Ilustrações | il. ; |
| Dimensões | 24 cm |
| Material adicional | Inclui 1 CD-ROM. |
| 500 ## - NOTAS GERAIS | |
| Notas gerais | Contém 143 problemas resolvidos. |
| 500 ## - NOTAS GERAIS | |
| Notas gerais | Com resolução de problemas com a calculadora HP-12C. |
| 504 ## - NOTA DE BIBLIOGRAFIA, ETC. | |
| Nota de bibliografia | Inclui bibliografia. |
| 590 ## - NOTA LOCAL | |
| Nota local | A biblioteca possui 11. reimpr. 2015. |
| 650 ## - ASSUNTO TÓPICO | |
| Cabeçalho tópico ou nome geográfico | Administração financeira |
| 650 ## - ASSUNTO TÓPICO | |
| Cabeçalho tópico ou nome geográfico | Engenharia econômica |
| Subdivisão de forma | Problemas, exercícios etc. |
| 650 ## - ASSUNTO TÓPICO | |
| Cabeçalho tópico ou nome geográfico | Análise de custos |
| Subdivisão de forma | Problemas, exercícios etc. |
| 942 ## - ELEMENTOS DE ENTRADA ADICIONAIS (KOHA) | |
| Fonte de classificação ou esquema de arquivamento | Classificação Decimal Universal |
| Tipo de item do Koha | Livros |
| Estado: removido | Estado: perdido | Fonte de classificação ou esquema de arquivamento | Estado: danificado | Indisponível para empréstimo | Localização permanente | Localização atual | Data de aquisição | Total Checkouts | Número de Chamada completo | Código de barras | Date last seen | Número do exemplar | Preço efetivo a partir de | Tipo de item (Koha) | Nota pública |
|---|---|---|---|---|---|---|---|---|---|---|---|---|---|---|---|
| Classificação Decimal Universal | Biblioteca da Escola Superior de Contas do TCE/MT | Biblioteca da Escola Superior de Contas do TCE/MT | 24/11/2023 | 658.15(079.1) H669e 7. ed. | BIBTCEMT23111034 | 24/11/2023 | Ex. 1 | 24/11/2023 | Livros | 11. reimpr. 2015 |